书目信息 |
| 题名: |
当代全球城市中央商务区(CBD)规划理论初探
|
|
| 作者: | 李沛 著 | |
| 分册: | ||
| 出版信息: | 北京 中国建筑工业出版社 1999.09 |
|
| 页数: | 248页 | |
| 开本: | 32开 | |
| 丛书名: | ||
| 单 册: | ||
| 中图分类: | TU984.13 | |
| 科图分类: | ||
| 主题词: | 城市规划 | |
| 电子资源: | ||
| ISBN: | 7-112-03960-6 | |
| 000 | 00619nam0 2200193 45 | |
| 001 | 0006211011 | |
| 005 | 20001012111611.9 | |
| 010 | @a7-112-03960-6@d16.00元 | |
| 100 | @a20000621d1999 km y0chiy0120 ea | |
| 101 | 0 | @achi |
| 105 | @a z 000yy | |
| 200 | 1 | @a当代全球城市中央商务区(CBD)规划理论初探@ADang Dai Quan Qiu Cheng Shi Zhong Yang Shang Wu Qu(CBD)GuiHua Li Lun Chu Tan@f李沛著@FLi Pei Zhu |
| 210 | @a北京@c中国建筑工业出版社@d1999.09 | |
| 215 | @a248页@d32开 | |
| 606 | 0 | @a城市规划 |
| 690 | @aTU984.13@v3 | |
| 701 | 0 | @a李沛@4著 |
| 801 | @aCN@bPftUser@c20000621 | |
| 905 | @dTU984.13@eL.119@b176318-322@f5 | |
| 当代全球城市中央商务区(CBD)规划理论初探/李沛著.-北京:中国建筑工业出版社,1999.09 |
| 248页;32开 |
| ISBN 7-112-03960-6:16.00元 |
| ● |
| 相关链接 |
|
|
|
正题名:当代全球城市中央商务区(CBD)规划理论初探
索取号:TU984.13/L.119
 
预约/预借
| 序号 | 登录号 | 条形码 | 馆藏地/架位号 | 状态 | 备注 |
| 1 | 176318 | 201763181 | 建筑与城市规划学院资料室/101建筑库 87排3列5层/ [索取号:TU984.13/L.119] | 在馆 | |
| 2 | 176319 | 201763190 | 建筑库201/201建筑库 63排7列1层/ [索取号:TU984.13/L.119] | 在馆 | |
| 3 | 176320 | 201763207 | 建筑库201/201建筑库 63排7列1层/ [索取号:TU984.13/L.119] | 在馆 | |
| 4 | 176321 | 201763216 | 建筑与城市规划学院资料室/101建筑库 87排3列5层/ [索取号:TU984.13/L.119] | 在馆 | |
| 5 | 176322 | 201763225 | 建筑库201/201建筑库 63排7列1层/ [索取号:TU984.13/L.119] | 在馆 |